Visualizzazione normale
Vista MARC
- Garancini G., Vitale F., Raschini M.A., Pontarollo E., Colombo F., Donat Cattin C.,
di Personal Name
Records bibliografici associati: 1
001 - CONTROL NUMBER
- control field: 62986
003 - CONTROL NUMBER IDENTIFIER
- control field:
005 - DATE AND TIME OF LATEST TRANSACTION
- control field: 20251219122532.0
008 - FIXED-LENGTH DATA ELEMENTS
- fixed length control field: 251219|| aca||aabn | a|a d
040 ## - CATALOGING SOURCE
- Original cataloging agency:
- Transcribing agency:
100 ## - HEADING--PERSONAL NAME
- Personal name: Garancini G., Vitale F., Raschini M.A., Pontarollo E., Colombo F., Donat Cattin C.,
- Personal name: Borruso A., Martini C.M., Moran D., Verga G., Occhionorelli C., Grygiel S., Rossi Sciumè G.,
- Personal name: Garavaglia M.P., Soave P., Verga A., Montiferrari M.P., Boffi P
670 ## - SOURCE DATA FOUND
- Source citation: Work cat.: ()207792: Cioni Laura (a cura di) 62985, Donna tra lavoro e maternità., 1990